| 000 | 01095nam a22002895a 4500 | ||
|---|---|---|---|
| 003 | OSt | ||
| 005 | 20170726112529.0 | ||
| 008 | 170724s2015 ir grb 000 0 ara d | ||
| 017 | _a2013 / 22344 | ||
| 020 | _a9789777185721 | ||
| 040 |
_aEG-ScBUE _bara _cEG-ScBUE |
||
| 043 | _aa-ir--- | ||
| 082 | 0 | 4 |
_a306.0955 _bع ب د _222 |
| 100 | 1 | _aعبد المنعم، محمد نور الدين. | |
| 245 | 1 | 0 |
_aإيرانيات : _bنماذج من الثقافة الإيرانية / _cمحمد نور الدين عبد المنعم. |
| 246 | 3 | 0 | _aالثقافة الإيرانية |
| 250 | _aط. 1. | ||
| 260 |
_aالقاهرة : _bالمجلس الأعلى للثقافة، _c2015. |
||
| 300 |
_a628 ص. ؛ _c24 سم. |
||
| 504 | _aيشتمل على إرجاعات ببليوجرافية. | ||
| 590 | _aWessam | ||
| 650 | 7 |
_aالثقافة _vإيران. _2BUEsh |
|
| 650 | 7 |
_aالعادات والتقاليد _vإيران. _2BUEsh |
|
| 651 | 7 |
_aإيران _xعلاقات ثقافية _vالبلاد العربية. _2BUEsh _931525 |
|
| 653 |
_bGGEN _bCOMAME _bBUSBOL _cJuly2017 |
||
| 942 | _2ddc | ||
| 999 |
_c25064 _d25036 |
||